Riconosci il Pokémon - Quiz n°246 - Statistics

Statistiche generali
  • Questo quiz è stato fatto 0 volte
  • Il punteggio medio è 0 su 10
Statistiche sulle risposte
Indizio Risposta % Corretto
Altezza 0,6 m
0%
Tasso di cattura 180 (33.8%)
0%
Peso 4,0 kg
0%
Sesso 50% ♂, 50% ♀
0%
Pokémon Clobbopus
0%
Stadio evoluzione Forma Base
0%
Tipo Lotta
0%
Tasso di allevamento Medio-Lento
0%
Generazione Ottava
0%
Abilità Scioltezza; Tecnico
0%
Nessun quiz corrispondente trovato
Distribuzione punteggi
Percentuale di utenti per punteggio
Percentile per numero di risposta
I tuoi punteggi nel tempo
Non hai fatto questo quiz